Normal view
MARC view
Entry Geographic Name
001 - CONTROL NUMBER
- control field: 792811
003 - CONTROL NUMBER IDENTIFIER
- control field:
005 - DATE AND TIME OF LATEST TRANSACTION
- control field: 20210627054956.0
008 - FIXED-LENGTH DATA ELEMENTS
- fixed length control field: 210627|| aca||aabn | a|a d
040 ## - CATALOGING SOURCE
- Original cataloging agency:
- Transcribing agency:
151 ## - HEADING--GEOGRAPHIC NAME
- Geographic name: Bukhoro (Uzbekistan)
- Geographic subdivision: Description and travel
670 ## - SOURCE DATA FOUND
- Source citation: Work cat.: ()664945: Lawton, John, 1938- 792808, Samarkand and Bukhara /, c1991
